[Event "Omegna op"]
[Site "Omegna"]
[Date "2024.08.09"]
[Round "1"]
[White "Bianchi, Stefano"]
[Black "Laurenti, Stefano"]
[Result "0-1"]
[WhiteElo "1709"]
[BlackElo "1998"]
[PlyCount "80"]
[EventDate "2024.08.09"]
[EventType "swiss"]
[EventRounds "5"]
[EventCountry "ITA"]
[SourceTitle "EXT 2025"]
[Source "ChessBase"]
[SourceDate "2024.10.14"]
[SourceVersion "1"]
[SourceVersionDate "2024.10.14"]
[SourceQuality "1"]

1. c4 e5 2. g3 Nc6 3. Nc3 f5 4. Bg2 Nf6 5. d3 Bb4 6. Bd2 0-0 7. a3 Bxc3 8. Bxc3 d6 9. e3 Qe8 10. Ne2 Kh8 11. b4 Rb8 12. b5 Nd8 13. Bb4 Ne6 14. d4 exd4 15. Nxd4 f4 16. Nc2 Ng5 17. gxf4 Bg4 18. f3 Bf5 19. fxg5 Bxc2 20. Qxc2 Qxe3+ 21. Qe2 Qxg5 22. 0-0 Rbe8 23. Qd2 Qh4 24. Qf2 Qxc4 25. Rfe1 Qxb5 26. Rxe8 Rxe8 27. Re1 c5 28. Rxe8+ Nxe8 29. Bc3 d5 30. Qb2 Qd7 31. Bd2 d4 32. Bf1 Qd5 33. f4 b6 34. Bg2 Qe6 35. Qc1 c4 36. Qe1 Qd7 37. Bh3 Qd8 38. Qe6 c3 39. Bc1 d3 40. Qf5 Nf6 0-1